000
00184nam a2200073Ia 4500
008
170620s9999 xx 000 0 und d
100
_a
E BALAGURUSAMY
245
0
_a
OBJEET ORIENTED PROGRAMMING WITH C ++
260
_b
TMH
999
_c
30140
_d
30140